000 00725nam a2200193 a 4500
001 000028141
005 20200930031402.0
008 110407s1998 dr 000 0 spa d
040 _aDO-SdBNP
_bspa
_cBNPHU
082 _axxxx
_bF487p
100 1 _aFilmus, Daniel
_929136
245 1 0 _aPerspectivas de la educación en América Latina y República Dominicana /
_cDaniel Filmus, Josefina Pimentel.
260 _aSanto Domingo :
_bPrograma de Promoción de la Reforma Educativa en América :
_bFacultad Latinoamericana de Ciencias Sociales,
_c1998.
300 _a47 p. ;
_c27 cm.
490 1 _aDiálogos educativos
_vno. 2
700 1 2 _aPimentel, Daniel
_955142
830 0 _aDiálogos educativos
_vno. 2
_955143
049 _aBNPD
999 _c27633
_d27633